书目信息 |
| 题名: |
建筑与环境表现技法
|
|
| 作者: | 洪惠群 著 | |
| 分册: | ||
| 出版信息: | 广州 华南理工大学出版社 2007.08 |
|
| 页数: | 128页 | |
| 开本: | 29cm | |
| 丛书名: | ||
| 单 册: | ||
| 中图分类: | TU204 | |
| 科图分类: | ||
| 主题词: | 建筑艺术--jian zhu yi shu--绘画--技法 (美术)--高等学校--教材 | |
| 电子资源: | ||
| ISBN: | 978-7-5623-2638-0 | |
| 000 | 00841nam0 2200229 450 | |
| 001 | 012008072890 | |
| 005 | 20080430112559.84 | |
| 010 | @a978-7-5623-2638-0@dCNY50.00 | |
| 100 | @a20080429d2007 em y0chiy0120 ea | |
| 101 | 0 | @achi |
| 102 | @aCN@b440000 | |
| 105 | @aa z 000yy | |
| 106 | @ar | |
| 200 | 1 | @a建筑与环境表现技法@Ajian zhu yu huan jing biao xian ji fa@f洪惠群著@Fhong hui qun zhu |
| 210 | @a广州@c华南理工大学出版社@d2007.08 | |
| 215 | @a128页@c图@d29cm | |
| 330 | @a本书根据建筑学、城市规划、室内设计、景观与园林等专业特点以及社会的发展与需求的教学新理念—资源共享,即建立一个基础教育大平台,将其综合、归纳编写而成。 | |
| 606 | 0 | @a建筑艺术@Ajian zhu yi shu@x绘画@x技法 (美术)@x高等学校@j教材 |
| 690 | @aTU204@v4 | |
| 701 | 0 | @a洪惠群@Ahong hui qun@4著 |
| 801 | 0 | @aCN@bQSSK@c20080430 |
| 905 | @b299079@dTU204@eH404@f1 | |
| 建筑与环境表现技法/洪惠群著.-广州:华南理工大学出版社,2007.08 |
| 128页:图;29cm |
| ISBN 978-7-5623-2638-0:CNY50.00 |
| 本书根据建筑学、城市规划、室内设计、景观与园林等专业特点以及社会的发展与需求的教学新理念—资源共享,即建立一个基础教育大平台,将其综合、归纳编写而成。 |
| ● |
| 相关链接 |
|
|
|
正题名:建筑与环境表现技法
索取号:TU204/H404
 
预约/预借
| 序号 | 登录号 | 条形码 | 馆藏地/架位号 | 状态 | 备注 |
| 1 | 299079 | 202990790 | 建筑库101/101建筑库 109排5列2层/ [索取号:TU204/H404] | 在馆 |